[Event "Unterfranken-ch HB 62th"]
[Site "Gerolzhofen"]
[Date "2011.04.29"]
[Round "7"]
[White "Buchberger, Josef"]
[Black "Demar, Stefan"]
[Result "0-1"]
[WhiteElo "1329"]
[BlackElo "1412"]
[PlyCount "66"]
[EventDate "2011.04.25"]
[EventType "swiss"]
[EventRounds "9"]
[EventCountry "GER"]
[SourceTitle "EXT 2015"]
[Source "ChessBase"]
[SourceDate "2014.11.20"]
[SourceVersion "1"]
[SourceVersionDate "2014.11.20"]
[SourceQuality "1"]

1. d4 c6 2. Nf3 d5 3. b3 Bf5 4. Bb2 Nf6 5. Nbd2 e6 6. Rc1 Bd6 7. g3 Qc7 8. Bg2 Nbd7 9. c4 h6 10. 0-0 0-0-0 11. c5 Be7 12. b4 g5 13. a4 g4 14. Ne1 h5 15. f4 h4 16. Qb3 hxg3 17. hxg3 Nh5 18. Nc2 Rdg8 19. Ra1 Ndf6 20. b5 Qb8 21. Rfb1 Bxc2 22. Qxc2 Nxg3 23. e3 Qc7 24. Nf1 Nfe4 25. Nxg3 Nxg3 26. Kf2 Nf5 27. Ke2 Rh2 28. Kd3 Qd7 29. Bc3 Nh4 30. bxc6 Qxc6 31. Rg1 Qa6+ 32. Kd2 Nf3+ 33. Kc1 Nxg1 0-1

[Event "Unterfranken-ch HB 62th"]
[Site "Gerolzhofen"]
[Date "2011.04.29"]
[Round "8"]
[White "Nardelli, Grazio"]
[Black "Buchberger, Josef"]
[Result "0-1"]
[WhiteElo "795"]
[BlackElo "1329"]
[PlyCount "40"]
[EventDate "2011.04.25"]
[EventType "swiss"]
[EventRounds "9"]
[EventCountry "GER"]
[SourceTitle "EXT 2015"]
[Source "ChessBase"]
[SourceDate "2014.11.20"]
[SourceVersion "1"]
[SourceVersionDate "2014.11.20"]
[SourceQuality "1"]

1. e4 c5 2. Nc3 Nc6 3. Bb5 Nd4 4. Nf3 Nxb5 5. Nxb5 d6 6. h3 Nf6 7. Qe2 Bd7 8. 0-0 Bc6 9. Nc3 e5 10. d3 Be7 11. Bg5 Nxe4 12. Nxe4 f6 13. Bd2 Qd7 14. Nh2 h5 15. Ng3 h4 16. Nh5 0-0-0 17. Nxg7 Rdg8 18. Nh5 Rxg2+ 19. Kh1 Qxh3 20. Qg4+ Rxg4+ 0-1

[Event "Unterfranken-ch HB 56th"]
[Site "Stetten"]
[Date "2005.04.02"]
[Round "9"]
[White "Buchberger, Josef"]
[Black "Meister, Willi"]
[Result "0-1"]
[WhiteElo "1576"]
[BlackElo "1717"]
[PlyCount "98"]
[EventDate "2005.03.28"]
[EventType "swiss"]
[EventRounds "9"]
[EventCountry "GER"]
[SourceTitle "EXT 2015"]
[Source "ChessBase"]
[SourceDate "2014.11.20"]
[SourceVersion "1"]
[SourceVersionDate "2014.11.20"]
[SourceQuality "1"]

1. f4 Nf6 2. Nf3 d5 3. b3 e6 4. Bb2 Be7 5. e3 0-0 6. Bd3 Nbd7 7. 0-0 b6 8. Qe1 Nh5 9. g4 Nhf6 10. Qg3 Ne4 11. Qh3 f5 12. g5 c6 13. Ne5 Nxe5 14. Bxe5 Bb4 15. Bxe4 dxe4 16. Rf2 Bd6 17. Bxd6 Qxd6 18. Nc3 Bb7 19. Rd1 Rad8 20. d4 exd3 21. cxd3 Qe7 22. Rfd2 g6 23. Qg3 Rd7 24. Ne2 Rfd8 25. Qf2 Rd6 26. Nd4 Qd7 27. Nf3 c5 28. Ne5 Qc8 29. h3 Ba6 30. Kh2 Qb7 31. Nc4 Bxc4 32. dxc4 Qc7 33. Rxd6 Rxd6 34. Rxd6 Qxd6 35. Qe2 e5 36. Kg3 Kf7 37. h4 exf4+ 38. exf4 Qe6 39. Qxe6+ Kxe6 40. Kf3 a6 41. Ke3 Kd6 42. Kd3 Kc6 43. Kc3 b5 44. a3 Kb6 45. a4 Ka5 46. axb5 axb5 47. cxb5 Kxb5 48. Kd3 Kb4 49. Kc2 c4 0-1

[Event "Unterfranken-ch HB 56th"]
[Site "Stetten"]
[Date "2005.03.28"]
[Round "1"]
[White "Buchberger, Josef"]
[Black "Herberich, Martin"]
[Result "0-1"]
[WhiteElo "1576"]
[BlackElo "1768"]
[PlyCount "78"]
[EventDate "2005.03.28"]
[EventType "swiss"]
[EventRounds "9"]
[EventCountry "GER"]
[SourceTitle "EXT 2015"]
[Source "ChessBase"]
[SourceDate "2014.11.20"]
[SourceVersion "1"]
[SourceVersionDate "2014.11.20"]
[SourceQuality "1"]

1. e4 c5 2. Nf3 e6 3. c3 Nf6 4. Qc2 Nc6 5. Bb5 a6 6. Bxc6 bxc6 7. d3 Be7 8. Bf4 d5 9. e5 Nd7 10. Nbd2 Qb6 11. 0-0 0-0 12. c4 a5 13. Rab1 f6 14. Bg3 f5 15. Rfe1 Qd8 16. h3 g5 17. Kh1 h5 18. Ng1 f4 19. Bh2 Qc7 20. g4 hxg4 21. hxg4 Rf7 22. Ndf3 Ba6 23. Nh3 Rg7 24. Kg2 Kf7 25. Qe2 Rh8 26. b3 Qd8 27. Rh1 Rgh7 28. Nfg1 Nf8 29. f3 Ng6 30. Nf2 Qb8 31. Ngh3 Qxe5 32. Qxe5 Nxe5 33. Rbd1 Ng6 34. Ng1 Bf6 35. Nfh3 Rd8 36. Ne2 Nh4+ 37. Kf2 Nxf3 38. Nxg5+ Nxg5 39. Bxf4 Rdh8 0-1

[Event "Unterfranken-ch HT 55th"]
[Site "Bad Koenigshofen"]
[Date "2004.04.16"]
[Round "7"]
[White "Mueller, Maximilian2222"]
[Black "Buchberger, Josef"]
[Result "0-1"]
[WhiteElo "1006"]
[BlackElo "1500"]
[PlyCount "58"]
[EventDate "2004.04.12"]
[EventType "swiss"]
[EventRounds "9"]
[EventCountry "GER"]
[SourceTitle "EXT 2015"]
[Source "ChessBase"]
[SourceDate "2014.11.20"]
[SourceVersion "1"]
[SourceVersionDate "2014.11.20"]
[SourceQuality "1"]

1. e4 e6 2. Nf3 d5 3. exd5 exd5 4. d4 Bf5 5. Nc3 Nf6 6. Bd3 Bxd3 7. Qxd3 Be7 8. Bf4 c6 9. 0-0 Nbd7 10. Rfe1 0-0 11. Ne5 Nxe5 12. dxe5 Nd7 13. Re3 Nc5 14. Qf5 Qc8 15. Qxc8 Raxc8 16. Rg3 Kh8 17. Re1 Ne6 18. Be3 d4 19. Bxd4 Nxd4 20. f4 Bh4 21. Ree3 Bxg3 22. Rxg3 f5 23. exf6 Rxf6 24. Rg4 Re8 25. g3 Ne2+ 26. Nxe2 Rxe2 27. Kf1 Rxc2 28. Rg5 Re6 29. Rf5 Kg8 0-1

[Event "Unterfranken-ch HT 55th"]
[Site "Bad Koenigshofen"]
[Date "2004.04.12"]
[Round "2"]
[White "Buchberger, Josef"]
[Black "Ley, Peter"]
[Result "0-1"]
[WhiteElo "1500"]
[BlackElo "1723"]
[PlyCount "68"]
[EventDate "2004.04.12"]
[EventType "swiss"]
[EventRounds "9"]
[EventCountry "GER"]
[SourceTitle "EXT 2015"]
[Source "ChessBase"]
[SourceDate "2014.11.20"]
[SourceVersion "1"]
[SourceVersionDate "2014.11.20"]
[SourceQuality "1"]

1. d4 d5 2. Nf3 e6 3. Bf4 Bd6 4. Bxd6 Qxd6 5. e3 Nf6 6. Ne5 0-0 7. Bd3 c5 8. Nd2 Nc6 9. Nxc6 bxc6 10. c3 cxd4 11. cxd4 c5 12. dxc5 Qxc5 13. Rc1 Qa5 14. a3 Ba6 15. Bxa6 Qxa6 16. Qe2 Qb6 17. Nf3 Rab8 18. Rc2 Rfc8 19. Rxc8+ Rxc8 20. 0-0 h6 21. h3 a5 22. Rb1 a4 23. Nd4 Ne4 24. Nc2 Nc3 25. Qe1 Nxb1 26. Qxb1 Qc5 27. Nd4 Qc1+ 28. Qxc1 Rxc1+ 29. Kh2 Rb1 30. Nb5 Rxb2 31. Nc3 Rxf2 32. Kg3 Rc2 33. Nxa4 Ra2 34. Nc5 Rxa3 0-1

[Event "Unterfranken-ch HT 54th"]
[Site "Moembris"]
[Date "2003.04.25"]
[Round "8"]
[White "Buchberger, Josef"]
[Black "Barthel, Reimar"]
[Result "1-0"]
[WhiteElo "1551"]
[BlackElo "1469"]
[PlyCount "93"]
[EventDate "2003.04.21"]
[EventType "swiss"]
[EventRounds "9"]
[EventCountry "GER"]
[SourceTitle "EXT 2015"]
[Source "ChessBase"]
[SourceDate "2014.11.20"]
[SourceVersion "1"]
[SourceVersionDate "2014.11.20"]
[SourceQuality "1"]

1. d4 d5 2. Nf3 Nc6 3. c4 e6 4. Bf4 g6 5. e3 Bg7 6. Nc3 Nf6 7. Rc1 0-0 8. Bd3 Ne7 9. 0-0 b6 10. Nb5 a6 11. Nc3 Re8 12. Ne5 Nd7 13. Ng4 Bb7 14. Nh6+ Kf8 15. Bg5 dxc4 16. Bxc4 Nf6 17. Qb3 b5 18. Be2 Ned5 19. Nxd5 Bxd5 20. Qa3+ Re7 21. Ng4 Bxg2 22. Nxf6 Bxf6 23. Bxf6 Bxf1 24. Bxe7+ Qxe7 25. Qxe7+ Kxe7 26. Kxf1 Kd6 27. Bf3 Ra7 28. Rc6+ Kd7 29. Kg2 f5 30. h4 h6 31. Kg3 g5 32. hxg5 hxg5 33. Bg2 a5 34. a3 Rb7 35. Rxe6 Kxe6 36. Bxb7 Kd6 37. f3 b4 38. axb4 axb4 39. b3 c5 40. dxc5+ Kxc5 41. Bc8 f4+ 42. exf4 gxf4+ 43. Kxf4 Kd6 44. Kg5 Ke7 45. Kg6 Kf8 46. Be6 Ke8 47. Kg7 1-0

[Event "Unterfranken-ch M2 53th"]
[Site "Wuerzburg"]
[Date "2002.??.??"]
[Round "6"]
[White "Buchberger, Josef"]
[Black "Hauck, Juergen"]
[Result "0-1"]
[WhiteElo "1520"]
[BlackElo "1547"]
[PlyCount "44"]
[EventDate "2002.04.01"]
[EventType "swiss"]
[EventRounds "9"]
[EventCountry "GER"]
[SourceTitle "EXT 2015"]
[Source "ChessBase"]
[SourceDate "2014.11.20"]
[SourceVersion "1"]
[SourceVersionDate "2014.11.20"]
[SourceQuality "1"]

1. d4 Nf6 2. c4 c5 3. Nf3 cxd4 4. Nxd4 g6 5. Bf4 Nc6 6. Nb5 d6 7. e3 Bg7 8. Be2 Qa5+ 9. N5c3 Ne4 10. Qc2 Bf5 11. Qb3 Nc5 12. Qb5 Qxb5 13. cxb5 Nb4 14. Na3 Ncd3+ 15. Bxd3 Nxd3+ 16. Kd2 Nxf2 17. Rhf1 Ne4+ 18. Nxe4 Bxe4 19. Nc4 Bxg2 20. Rf2 Bd5 21. Rc1 Bxc4 22. Rxc4 Bxb2 0-1

[Event "Unterfranken-ch M2 53th"]
[Site "Wuerzburg"]
[Date "2002.??.??"]
[Round "2"]
[White "Kraus, Arnold"]
[Black "Buchberger, Josef"]
[Result "1-0"]
[WhiteElo "1806"]
[BlackElo "1520"]
[PlyCount "57"]
[EventDate "2002.04.01"]
[EventType "swiss"]
[EventRounds "9"]
[EventCountry "GER"]
[SourceTitle "EXT 2015"]
[Source "ChessBase"]
[SourceDate "2014.11.20"]
[SourceVersion "1"]
[SourceVersionDate "2014.11.20"]
[SourceQuality "1"]

1. d4 g6 2. c4 Bg7 3. Nc3 d6 4. Bg5 Nf6 5. e4 0-0 6. Qd2 c6 7. Bd3 Nbd7 8. Nge2 b6 9. f4 Bb7 10. 0-0 Qc7 11. e5 dxe5 12. fxe5 Nxe5 13. dxe5 Qxe5 14. Rae1 Ng4 15. Qf4 Qc5+ 16. Kh1 Nxh2 17. Ne4 Be5 18. Nxc5 Bxf4 19. Rxf4 f6 20. Nxb7 fxg5 21. Rxf8+ Kxf8 22. Kxh2 Rb8 23. Rf1+ Ke8 24. Be4 Kd7 25. Nd4 c5 26. Nb5 a6 27. Nc3 Ke6 28. Bd5+ Kd7 29. Rf7 1-0

[Event "Unterfranken-ch M2 53th"]
[Site "Wuerzburg"]
[Date "2002.??.??"]
[Round "3"]
[White "Krug, Rudi"]
[Black "Buchberger, Josef"]
[Result "1-0"]
[WhiteElo "1761"]
[BlackElo "1520"]
[PlyCount "97"]
[EventDate "2002.04.01"]
[EventType "swiss"]
[EventRounds "9"]
[EventCountry "GER"]
[SourceTitle "EXT 2015"]
[Source "ChessBase"]
[SourceDate "2014.11.20"]
[SourceVersion "1"]
[SourceVersionDate "2014.11.20"]
[SourceQuality "1"]

1. g3 Nf6 2. Bg2 c6 3. d4 d5 4. Nc3 h6 5. Nf3 Bf5 6. b3 Nbd7 7. Bb2 e6 8. 0-0 Ne4 9. e3 Bg4 10. h3 Bh5 11. Ne2 Bd6 12. Ne5 f6 13. Nxd7 Qxd7 14. g4 Bg6 15. Qe1 Qc7 16. f4 f5 17. c4 fxg4 18. hxg4 Nf6 19. Bf3 Be4 20. Bxe4 Nxe4 21. Qh4 Be7 22. Qh5+ Kd7 23. cxd5 cxd5 24. Rfc1 Qd8 25. f5 Bg5 26. Qf7+ Qe7 27. fxe6+ Kd8 28. Nf4 Qxf7 29. exf7 Bxf4 30. exf4 Rf8 31. Kg2 Rxf7 32. Rf1 Rc8 33. Bc1 Rc2+ 34. Kf3 Rfc7 35. f5 Nd2+ 36. Bxd2 Rxd2 37. Rfd1 Rc3+ 38. Kf4 Rf2+ 39. Ke5 Re3+ 40. Kxd5 Rg3 41. Rf1 Rxf1 42. Rxf1 Rxg4 43. f6 gxf6 44. Rxf6 Rg7 45. Rxh6 Rd7+ 46. Rd6 Ke7 47. Rxd7+ Kxd7 48. b4 b6 49. b5 1-0

[Event "Unterfranken-ch M2 53th"]
[Site "Wuerzburg"]
[Date "2002.??.??"]
[Round "7"]
[White "Mehler, Walter"]
[Black "Buchberger, Josef"]
[Result "1-0"]
[WhiteElo "1704"]
[BlackElo "1520"]
[PlyCount "31"]
[EventDate "2002.04.01"]
[EventType "swiss"]
[EventRounds "9"]
[EventCountry "GER"]
[SourceTitle "EXT 2015"]
[Source "ChessBase"]
[SourceDate "2014.11.20"]
[SourceVersion "1"]
[SourceVersionDate "2014.11.20"]
[SourceQuality "1"]

1. e4 e5 2. Nf3 Nc6 3. Bb5 d6 4. h3 a6 5. Ba4 Be6 6. c3 b5 7. Bc2 h6 8. d4 exd4 9. cxd4 d5 10. e5 Bb4+ 11. Bd2 Ba5 12. 0-0 f6 13. Re1 Nge7 14. exf6 Bxh3 15. Bg6+ Kd7 16. fxe7 1-0

[Event "Unterfranken-ch M2 53th"]
[Site "Wuerzburg"]
[Date "2002.??.??"]
[Round "5"]
[White "Moreth, Alexander"]
[Black "Buchberger, Josef"]
[Result "1-0"]
[WhiteElo "1801"]
[BlackElo "1520"]
[PlyCount "78"]
[EventDate "2002.04.01"]
[EventType "swiss"]
[EventRounds "9"]
[EventCountry "GER"]
[SourceTitle "EXT 2015"]
[Source "ChessBase"]
[SourceDate "2014.11.20"]
[SourceVersion "1"]
[SourceVersionDate "2014.11.20"]
[SourceQuality "1"]

1. b4 Nf6 2. Bb2 d5 3. b5 b6 4. e3 e6 5. Nf3 Bb7 6. Be2 Nbd7 7. d4 Bd6 8. Nbd2 Rc8 9. 0-0 0-0 10. a4 Re8 11. Nb3 Ne4 12. Nfd2 f5 13. Nxe4 fxe4 14. a5 Ra8 15. f3 exf3 16. Bxf3 Qh4 17. h3 Nf6 18. Bc3 Rf8 19. Be1 Bg3 20. Bxg3 Qxg3 21. Qe2 Rae8 22. axb6 axb6 23. Ra7 Rb8 24. c4 Ne4 25. c5 Ng5 26. Nd2 Nxh3+ 27. Kh1 Ng5 28. Bg4 c6 29. Rxf8+ Kxf8 30. bxc6 Bxc6 31. Qf1+ Ke8 32. Bh5+ g6 33. Nf3 Nxf3 34. Bxf3 Qh4+ 35. Kg1 Qf6 36. Qa6 Qd8 37. Rxh7 Qf6 38. Qa7 Ra8 39. Qc7 Ra1+ 1-0

[Event "Unterfranken-ch HT 52th"]
[Site "Massbach"]
[Date "2001.04.16"]
[Round "1"]
[White "Krenz, Dieter"]
[Black "Buchberger, Josef"]
[Result "1-0"]
[WhiteElo "1867"]
[BlackElo "1559"]
[PlyCount "69"]
[EventDate "2001.04.16"]
[EventType "swiss"]
[EventRounds "9"]
[EventCountry "GER"]
[SourceTitle "EXT 2015"]
[Source "ChessBase"]
[SourceDate "2014.11.20"]
[SourceVersion "1"]
[SourceVersionDate "2014.11.20"]
[SourceQuality "1"]

1. e4 c5 2. Nf3 Nc6 3. d4 cxd4 4. Nxd4 Qc7 5. Nc3 e6 6. Be2 Bb4 7. Nxc6 Qxc6 8. Qd4 Bxc3+ 9. bxc3 Nf6 10. Bf3 d6 11. e5 Qc5 12. exf6 Qxd4 13. cxd4 g6 14. Rb1 Rb8 15. Bf4 Kd7 16. c4 b6 17. c5 Bb7 18. Bxd6 Bxf3 19. gxf3 Rb7 20. Kd2 Rc8 21. Rhc1 Rc6 22. Be7 b5 23. a4 b4 24. a5 Rb5 25. Rc4 b3 26. Kc3 Ra6 27. Rxb3 Kc6 28. Bd8 Rxb3+ 29. Kxb3 Kd7 30. Be7 Kc6 31. Kb4 Kd7 32. Kb5 Rc6 33. f4 Rc8 34. Bd6 Rc6 35. a6 1-0

[Event "Unterfranken-ch HT 52th"]
[Site "Massbach"]
[Date "2001.??.??"]
[Round "?"]
[White "Buchberger, Josef"]
[Black "Amtmann, Florian"]
[Result "1/2-1/2"]
[WhiteElo "1559"]
[BlackElo "1672"]
[PlyCount "89"]
[EventDate "2001.04.16"]
[EventType "swiss"]
[EventRounds "9"]
[EventCountry "GER"]
[SourceTitle "EXT 2015"]
[Source "ChessBase"]
[SourceDate "2014.11.20"]
[SourceVersion "1"]
[SourceVersionDate "2014.11.20"]
[SourceQuality "1"]

1. e4 c5 2. Nf3 d6 3. d4 cxd4 4. Nxd4 Nf6 5. Nc3 a6 6. Bc4 e6 7. 0-0 Be7 8. Be3 Qc7 9. Bb3 0-0 10. Qe2 Nc6 11. Rad1 Nxd4 12. Bxd4 b5 13. a3 Bb7 14. f3 Rfe8 15. Qf2 Nd7 16. Qg3 Bf8 17. Rd2 Nc5 18. Ba2 Rac8 19. h4 g6 20. h5 Bh6 21. Re2 e5 22. Be3 Bxe3+ 23. Rxe3 Ne6 24. hxg6 hxg6 25. Bxe6 Rxe6 26. Kf2 Kg7 27. Rh1 Qb8 28. Qh4 Rh8 29. Qxh8+ Qxh8 30. Rxh8 Kxh8 31. Rd3 Kg7 32. Nd5 Re8 33. Rc3 Rc8 34. Rxc8 Bxc8 35. Nc7 Kf8 36. b3 Bb7 37. Nd5 Bxd5 38. exd5 Ke7 39. Ke3 Kd7 40. g4 f5 41. g5 Kc7 42. b4 Kb6 43. c3 a5 44. Ke2 axb4 45. axb4 1/2-1/2

[Event "Unterfranken-ch HT 52th"]
[Site "Massbach"]
[Date "2001.??.??"]
[Round "?"]
[White "Merkel, Michael"]
[Black "Buchberger, Josef"]
[Result "0-1"]
[WhiteElo "1475"]
[BlackElo "1559"]
[PlyCount "114"]
[EventDate "2001.04.16"]
[EventType "swiss"]
[EventRounds "9"]
[EventCountry "GER"]
[SourceTitle "EXT 2015"]
[Source "ChessBase"]
[SourceDate "2014.11.20"]
[SourceVersion "1"]
[SourceVersionDate "2014.11.20"]
[SourceQuality "1"]

1. d4 d5 2. c4 e6 3. Nc3 Nf6 4. Bg5 Be7 5. Nf3 Nbd7 6. e3 c5 7. cxd5 Nxd5 8. Bxe7 Qxe7 9. Bd3 N7f6 10. 0-0 cxd4 11. Qa4+ Bd7 12. Qxd4 Nxc3 13. Qxc3 0-0 14. Rac1 Bc6 15. Nd4 Bd7 16. Qb3 Rab8 17. Rc7 e5 18. Nf5 Qe6 19. Qxe6 Bxe6 20. a3 e4 21. Ne7+ Kh8 22. Bc4 Bxc4 23. Rxc4 g6 24. Rd1 Rfe8 25. Nd5 Nxd5 26. Rxd5 Re7 27. g3 Kg7 28. Kg2 Rbe8 29. b4 a6 30. a4 f5 31. b5 axb5 32. Rxb5 Rd7 33. a5 Ree7 34. Rbb4 Re6 35. Rb6 Rxb6 36. axb6 Kf7 37. Kf1 Ke7 38. Ke2 Kd6 39. Kd2 Ke6+ 40. Kc3 Rd6 41. Rb4 Rd3+ 42. Kc2 Rd6 43. Kc3 Kd5 44. Rb5+ Kc6 45. Rb2 Kc5 46. h3 Rxb6 47. Rxb6 Kxb6 48. Kb4 Kc6 49. Kc4 b5+ 50. Kb4 Kb6 51. Kb3 Kc5 52. Kc3 b4+ 53. Kb3 Kb5 54. Kb2 Kc4 55. Kc2 b3+ 56. Kb2 Kb4 57. Kb1 Kc3 0-1

[Event "Unterfranken-ch HB 51th"]
[Site "Sailauf"]
[Date "2000.04.28"]
[Round "8"]
[White "Nimbler, Erhard"]
[Black "Buchberger, Josef"]
[Result "0-1"]
[WhiteElo "1650"]
[BlackElo "1539"]
[PlyCount "50"]
[EventDate "2000.04.24"]
[EventType "swiss"]
[EventRounds "9"]
[EventCountry "GER"]
[SourceTitle "EXT 2015"]
[Source "ChessBase"]
[SourceDate "2014.11.20"]
[SourceVersion "1"]
[SourceVersionDate "2014.11.20"]
[SourceQuality "1"]

1. c4 e6 2. Nc3 Nf6 3. Nf3 c6 4. a3 b6 5. g3 Bb7 6. Bg2 g6 7. 0-0 Bg7 8. d4 d5 9. cxd5 cxd5 10. Bf4 0-0 11. Nb5 Na6 12. Rc1 Ne8 13. Qd3 Qd7 14. h4 Bc6 15. Nc3 Nac7 16. h5 f5 17. hxg6 hxg6 18. Qe3 Bf6 19. Be5 Qg7 20. Bxf6 Nxf6 21. Ne5 Bb7 22. Qg5 Rac8 23. Nxg6 Rfe8 24. f4 Nh7 25. Ne5 Nxg5 0-1

[Event "Unterfranken-ch HB 51th"]
[Site "Sailauf"]
[Date "2000.04.25"]
[Round "3"]
[White "Ullrich, Andreas"]
[Black "Buchberger, Josef"]
[Result "1-0"]
[WhiteElo "1606"]
[BlackElo "1539"]
[PlyCount "71"]
[EventDate "2000.04.24"]
[EventType "swiss"]
[EventRounds "9"]
[EventCountry "GER"]
[SourceTitle "EXT 2015"]
[Source "ChessBase"]
[SourceDate "2014.11.20"]
[SourceVersion "1"]
[SourceVersionDate "2014.11.20"]
[SourceQuality "1"]

1. e4 c5 2. Nc3 g6 3. d3 Bg7 4. g3 d6 5. Bg2 Nf6 6. Nge2 0-0 7. 0-0 Nbd7 8. f4 e5 9. f5 h6 10. h3 Kh7 11. g4 Ng8 12. Qe1 Bf6 13. Rf3 Bh4 14. Qf1 Ndf6 15. Be3 Bd7 16. Bf2 Bxf2+ 17. Qxf2 Bc6 18. Qg3 Kg7 19. h4 Ne7 20. g5 Nh5 21. f6+ Kh7 22. Qh2 Nc8 23. Ng3 Nxg3 24. Qxg3 h5 25. Rf2 Bd7 26. Bf3 b5 27. Rg2 Nb6 28. Bxh5 b4 29. Ne2 Be6 30. Bf3 Qc8 31. h5 Rh8 32. Rh2 Qf8 33. Kf2 Kg8 34. Rah1 Nd7 35. hxg6 Rxh2+ 36. Qxh2 1-0